Guess Badly Drawn Country Shape - Statistics

General Stats
  • This quiz has been taken 36 times
  • The average score is 5 of 8
Answer Stats
Picture Answer % Correct
France
96%
Brazil
89%
Algeria
68%
Ireland
61%
Montenegro
57%
Slovakia
54%
Kyrgyzstan
36%
Luxembourg
29%
No matching quizzes found
Score Distribution
Percent of People with Each Score
Percentile by Number Answered
Your Score History
You have not taken this quiz